Spikselizowana mapa Brazylii - Statystyki

Ogólne statystyki
  • Ten quiz został rozwiązany 5 razy
  • Średni wynik to 202 z 743
Odpowiedzi na mapie
Odpowiedzi zakodowano w zielono-czerwonej skali na mapie do tego quizu, zgodnie z poniższymi procentami.
 
Statystyki odpowiedzi
Stan % Poprawnych
Amazonas
100%
Acre
67%
Rio de Janeiro
67%
São Paulo
67%
Amapá
33%
Pará
33%
Alagoas
0%
Bahia
0%
Ceará
0%
Espirito Santo
0%
Goiás
0%
Maranhão
0%
Mato Grosso
0%
Mato Grosso do Sul
0%
Minas Gerais
0%
Paraíba
0%
Paraná
0%
Pernambuco
0%
Piauí
0%
Rio Grande do Norte
0%
Rio Grande do Sul
0%
Rondônia
0%
Roraima
0%
Santa Catarina
0%
Sergipe
0%
Tocantins
0%
Nie znaleziono quizów pasujących do podanych kryteriów
Rozkład punktacji
Procent ludzi z każdym wynikiem
Percentyl według liczby udzielonych odpowiedzi
Twoja historia wyników
Nie rozwiązałeś tego quizu